Statistics for Matilda's Soccer Players

Click here to take the quiz!

General Stats

  • This quiz has been taken 96 times
  • The average score is 8 of 24

Answer Stats

Player NumberAnswer% Correct
20Sam Kerr
88%
23Kyra Cooney-Cross
70%
11Mary Fowler
66%
18Mackenzie Arnold
61%
7Steph Catley
55%
21Ellie Carpenter
54%
19Katrina Gorry
48%
14Alanna Kennedy
45%
15Clare Hunt
30%
6Clare Wheeler
30%
4Clare Polkinghorne
27%
2Courtney Nevin
27%
1Lydia Williams
27%
10Emily van Egmond
21%
CoachTony Gustavsson
21%
22Charlotte Grant
20%
5Courtnee Vine
20%
9Caitlin Ford
18%
12Teagan Micah
18%
8Alex Chidiac
14%
13Tameka Yallop
11%
3Amy Sayer
7%
Yet to DebutCharlize Rule
2%
16Hayler Raso
2%

Score Distribution

Percentile by Number Answered

Percent of People with Each Score

Your Score History

You have not taken this quiz